The coinage and metrology of the sultans of Delhi: (Record no. 150250)
[ view plain ]
| 000 -LEADER | |
|---|---|
| fixed length control field | 00847nam a22002057a 4500 |
| 005 - DATE AND TIME OF LATEST TRANSACTION | |
| control field | 20180306141501.0 |
| 010 ## - LCCN (DPL NO) | |
| LC control number | B-689643 |
| 020 ## - INTERNATIONAL STANDARD BOOK NUMBER | |
| Terms of availability | 1500.00.00 |
| International Standard Book Number | 9789386223517 |
| 035 ## - SYSTEM CONTROL NUMBER | |
| System control number | B-689643 |
| 037 ## - SOURCE OF ACQUISITION | |
| Stock number | dpl |
| Source of stock number/acquisition | Aakar Books |
| 082 ## - DEWEY DECIMAL CLASSIFICATION NUMBER | |
| Classification number | 181.45 |
| 100 ## - MAIN ENTRY--PERSONAL NAME | |
| Personal name | Wright, H.Nelson |
| 245 ## - TITLE STATEMENT | |
| Title | The coinage and metrology of the sultans of Delhi: |
| Statement of responsibility, etc | by H. Nelson wright |
| Remainder of title | incorporating a catalogue of the coins in the author's cabinat now in the Delhi museum / |
| 260 ## - PUBLICATION, DISTRIBUTION, ETC. (IMPRINT) | |
| Place of publication, distribution, etc | Delhi |
| Name of publisher, distributor, etc | B.R.Publishing |
| Date of publication, distribution, etc | 2017 |
| 270 ## - ADDRESS | |
| Address | 425,Nimri Colony,Ashok Vihar,Phase-IV |
| City | Delhi |
| Postal code | 110052 |
| 300 ## - PHYSICAL DESCRIPTION | |
| Extent | xx,432p. |
| Dimensions | 22cm(Hb) |
| Other physical details | illus. photos, map |
| 500 ## - GENERAL NOTE | |
| General note | Includes geographical index |
| 942 ## - ADDED ENTRY ELEMENTS (KOHA) | |
| Source of classification or shelving scheme | Dewey Decimal Classification |
| Item type | English Books |
| Call number suffix | WRI |
| Classification part | 737.09545 |
| Withdrawn status | Lost status | Not for loan | Collection code | Home library | Current library | Date acquired | Source of acquisition | Cost, normal purchase price | Full call number | Barcode | Copy number | Cost, replacement price | Koha item type |
|---|---|---|---|---|---|---|---|---|---|---|---|---|---|
| Not For Loan | Reference | Central Library | Central Library | 06/03/2018 | Aakar/I-2742/22.2.18/EN/SPl/2017-18/889/21.2.2018/22.02.2018 | 1500.00 | 737.09545 WRI | B-689643 | 1 | 1500.00 | English Books |
